000 00423nam a22001457a 4500
005 20150811150410.0
008 150811b xxu||||| |||| 00| 0 eng d
040 _cPK-LaUMT
082 _aKHC 954.943
_bHAS-M
100 _aہاشمی فرید آبادی
245 _aمآثر لاہور
_cہاشمی فرید آبادی
260 _aلاہور
_bاداہ ثقافت اسلامیہ
_c1956
300 _a208 ص
942 _cBK
999 _c73781
_d73781